El Principito (Registro nro. 22020)
[ vista simple ]
| 000 -CABECERA | |
|---|---|
| Longitud fija campo de control | 00510nam a2200193 a 4500 |
| 003 - IDENTIFICADOR DELl NÚMERO DE CONTROL | |
| Identificador del número de control | OSt |
| 005 - FECHA Y HORA DE LA ÚLTIMA TRANSACCIÓN | |
| Fecha y hora de la última transacción | 20150817111508.0 |
| 008 - CÓDIGOS DE INFORMACIÓN DE LONGITUD FIJA | |
| Códigos de información de longitud fija | 020226s1994 |
| 020 ## - NÚMERO INTERNACIONAL NORMALIZADO PARA LIBROS | |
| Número Internacional Normalizado para Libros (ISBN) | 978-958-30-0413-1 |
| 040 ## - FUENTE DE LA CATALOGACIÓN | |
| Centro transcriptor | BCRI |
| Centro catalogador de origen | BCRI |
| 082 ## - NÚMERO DE LA CLASIFICACIÓN DECIMAL DEWEY | |
| Númeroo de clasificación | 843 |
| 100 1# - PUNTO DE ACCESO PRINCIPAL-NOMBRE DE PERSONA | |
| Nombre de persona | Saint-Exupéry, Antoine de |
| 9 (RLIN) | 29637 |
| Fechas asociadas al nombre | 1900-1944 |
| 245 13 - MENCIÓN DE TÍTULO | |
| Título | El Principito |
| Mención de responsabilidad, etc. | Antoine de Saint-Exupery |
| 250 ## - MENCIÓN DE EDICIÓN | |
| Mención de edición | 25ª ed. reimp |
| 260 ## - PUBLICACIÓN, DISTRIBUCIÓN, ETC. (PIE DE IMPRENTA) | |
| Lugar de publicación, distribución, etc. | Bogota |
| Nombre del editor, distribuidor, etc. | Panamericana |
| Fecha de publicación, distribución, etc. | 2015 |
| 300 ## - DESCRIPCIÓN FÍSICA | |
| Extensión | 125 p. |
| Otras características físicas | il. |
| Dimensiones | 21cm |
| 650 24 - PUNTO DE ACCESO ADICIONAL DE MATERIA - TÉRMINO DE MATERIA | |
| 9 (RLIN) | 11443 |
| Término de materia o nombre geográfico como elemento inicial | Novela francesa |
| 942 ## - ENTRADA DE ELEMENTOS AGREGADOS (KOHA) | |
| Fuente de clasificaión o esquema | Dewey Decimal Classification |
| Koha [por defecto] tipo de item | 1- Monografias |
| Parte de clasificación | prozim |
| Suprimido | Perdido | Fuente de clasificación o esquema | Estropeado | Restricciones de uso | No para préstamo | Código de colección | Localización permanente | Localización actual | Localización en estanter&íacute;as | Fecha adquisición | Fuente de adquisición | Número de inventario | Préstamos totales | Renovaciones totales | Signatura completa | Código de barras | Fecha última consulta | Fecha último préstamo | Fecha del precio de reemplazo | Tipo de item de Koha |
|---|---|---|---|---|---|---|---|---|---|---|---|---|---|---|---|---|---|---|---|---|
| NULL | NULL | Dewey Decimal Classification | NULL | Prestable | NULL | NULL | Biblioteca Centro Regional de Ilobasco | Biblioteca Centro Regional de Ilobasco | Sala Principal | 17/08/2015 | UNICAES | LI000865 | 30 | 10 | N SAI pri | 1033173 | 11/03/2026 | 06/02/2026 | 17/08/2015 | 1- Monografias |
| NULL | NULL | Dewey Decimal Classification | NULL | Prestable | NULL | NULL | Biblioteca Centro Regional de Ilobasco | Biblioteca Centro Regional de Ilobasco | Sala Principal | 17/08/2015 | UNICAES | LI000866 | 14 | 4 | N SAI pri | 1033174 | 22/04/2026 | 18/04/2026 | 17/08/2015 | 1- Monografias |
| NULL | NULL | Dewey Decimal Classification | NULL | Prestable | NULL | NULL | Biblioteca Centro Regional de Ilobasco | Biblioteca Centro Regional de Ilobasco | Sala Principal | 17/08/2015 | UNICAES | LI000867 | 18 | 4 | N SAI pri | 1033175 | 08/04/2026 | 25/03/2026 | 17/08/2015 | 1- Monografias |